000 00208 a2200097 4500
001 45590
100 _aMalcolm, J
245 _aPsychoanalysis
260 _aNew York
_bVintage books
_c
090 _c28753
_d28753
942 _aNUST-CAE
_cM
_c20839
999 _c280663
_d280663